000 00276nam a22001337a 4500
008 171027b xxu||||| |||| 00| 0 eng d
020 _a9789995634568
041 _aalb
080 _a336
100 _a56
101 _aFIN
245 _aFINANCĂ‹
_cBUNDO.SH
942 _2udc
_cBK
999 _c36209
_d36209